000
00188 a2200097 4500
001
56017
100
_a
245
_a
Flying safety
260
_a
USA
_b
Dryden
_c
1977
090
_c
34676
_d
34676
942
_a
NUST-CAE
_c
_c
27420
999
_c
291090
_d
291090